| 000 | 00667nam a22002177a 4500 | ||
|---|---|---|---|
| 999 |
_c69143 _d69143 |
||
| 005 | 20220607121819.0 | ||
| 008 | 120821t xxu||||| |||| 00| 0 eng d | ||
| 010 | _aENG-105584 | ||
| 020 |
_a9789382246084 _c195.00 |
||
| 035 | _aEN-89117 | ||
| 037 | _bDBAD/PUB | ||
| 040 |
_aDPL _bEng |
||
| 082 | _a362.954012 | ||
| 100 |
_951282 _aDhanwant Singh |
||
| 245 |
_aSuicide among farmers of Punjab / _cby Dhanwant Singh |
||
| 260 |
_aChandigarh _bUnistar Books _c2012 |
||
| 270 |
_aS.C.O.26-27, Sector 34A _bChandigarh _e160022 |
||
| 300 |
_a124p. _c22cm(Hb) |
||
| 500 | _aIncludes bibliographical references | ||
| 942 |
_2ddc _cEN _mDHA _h362.954012 |
||